UBT Library

ANCIENT RHETORIC FOR CONTEMPORARY STUDENTS (Record no. 12871)

000 -LEADER
fixed length control field 00324nam a22001337a 4500
008 - FIXED-LENGTH DATA ELEMENTS--GENERAL INFORMATION
fixed length control field 170508b xxu||||| |||| 00| 0 eng d
020 ## - INTERNATIONAL STANDARD BOOK NUMBER
International Standard Book Number crowanc0308
041 ## - LANGUAGE CODE
Language code of text/sound track or separate title eng
080 ## - UNIVERSAL DECIMAL CLASSIFICATION NUMBER
Edition identifier 4 ED
Universal Decimal Classification number 34
100 ## - Rafti
Rafti 14
101 ## - Shkurtesa
Shkurtesa SHJ
245 ## - TITLE STATEMENT
Title ANCIENT RHETORIC FOR CONTEMPORARY STUDENTS
Statement of responsibility, etc CROWLES.SH
942 ## - ADDED ENTRY ELEMENTS (KOHA)
Source of classification or shelving scheme
Item type Books
Holdings
Withdrawn status Lost status Source of classification or shelving scheme Damaged status Not for loan Collection code Permanent location Current location Shelving location Date acquired Total Checkouts Full call number Barcode Date last seen Price effective from Koha item type
          Koleksioni i përgjithshem UBT - Lipjan UBT - Lipjan Koleksioni i përgjithshem 05/08/2017   34 CRO 002-284434 05/08/2017 05/08/2017 Books
UBT Library © 2015-2024. All rights reserved University Education for Business and Technology